000 00484nam a2200145Ia 4500
008 100122s9999 xx 000 0 und d
082 _b19498
_a823
100 _aलाटे दीनानाथ
245 _aनच सुंदरी करू कोपा
260 _bसुहास प्रकाशन
_c1973
300 _a220
630 _aनच सुंदरी करू कोपा
730 _aनच सुंदरी करू कोपा
942 _cBOOK
999 _c408510
_d408507